| 000 | 00609cam a2200193 a 4500 | ||
|---|---|---|---|
| 020 | _a9780230831 | ||
| 082 |
_a34602 _bSHA _cL-32 P-18 |
||
| 100 |
_aMohammad Shafi, Main _937980 |
||
| 245 | 0 | 4 | _aThe law of contract : |
| 260 |
_aLahore _bThe Caravan Book House _c1964 |
||
| 300 |
_axii, 338 p. : _bforms ; _c22 cm. |
||
| 526 |
_a0 _b0 _c0 _d346_020000000000000_SHA |
||
| 526 |
_a0 _b0 _c0 _d34602_000000000000000_SHA |
||
| 650 | 0 |
_aConflict of laws _xContracts _zNigeria. _937981 |
|
| 650 | 0 |
_aConflict of laws _xContracts. _937982 |
|
| 650 | 0 |
_aContracts _zNigeria. _937983 |
|
| 650 | 0 |
_aMCE _9379 |
|
| 942 |
_2ddc _cBK |
||
| 999 |
_c542698 _d542698 |
||